Final report on the elections for the North-Central and Sabaragamuwa Provincial Councils : (Record no. 4609)
[ view plain ]
| 000 -LEADER | |
|---|---|
| fixed length control field | 00723nam a2200169 4500 |
| 008 - FIXED-LENGTH DATA ELEMENTS--GENERAL INFORMATION | |
| fixed length control field | 240109b |||||||| |||| 00| 0 eng d |
| 020 ## - ISBN | |
| ISBN | 9551700163 |
| 082 ## - DEWEY DECIMAL CLASSIFICATION NUMBER | |
| Classification number | 324.6 |
| Item number | PEO |
| 942 ## - ADDED ENTRY ELEMENTS (KOHA) | |
| Item Type | Reports |
| 110 ## - MAIN ENTRY--CORPORATE NAME | |
| Corporate Name | People's Action for Free and Fair Elections (PAFFREL) |
| 245 ## - TITLE STATEMENT | |
| Title | Final report on the elections for the North-Central and Sabaragamuwa Provincial Councils : |
| Sub Title | 23rd August 2008 |
| 260 ## - PUBLICATION, DISTRIBUTION, ETC. (IMPRINT) | |
| Place of Publication | Colombo: |
| Name of Publisher | People's Action for Free and Fair Elections, |
| Date of Copyright | 2008 |
| 300 ## - PHYSICAL DESCRIPTION | |
| Extent | 30 p. : ill., maps ; 31 cm |
| 650 ## - SUBJECT ADDED ENTRY--TOPICAL TERM | |
| Topical Term | Election monitoring- Sri Lanka -North Central Province-Sabaragamuwa Province |
| 650 ## - SUBJECT ADDED ENTRY--TOPICAL TERM | |
| Topical Term | Elections Observation-Sri Lanka- North Central-Sabaragamuwa |
| 650 ## - SUBJECT ADDED ENTRY--TOPICAL TERM | |
| Topical Term | Provincial Council Elections- Sri Lanka |
| Withdrawn status | Lost status | Source of classification or shelving scheme | Damaged status | Not for loan | Permanent location | Current location | Date acquired | Total Checkouts | Full call number | Barcode | Date last seen | Price effective from | Koha item type |
|---|---|---|---|---|---|---|---|---|---|---|---|---|---|
| Dewey Decimal Classification | Resource center, Muslim Women's Research And Action Forum | Resource center, Muslim Women's Research And Action Forum | 2024-01-09 | 324.6 PEO | RAF4700 | 2024-01-09 | 2024-01-09 | Reports |

